| 000 | 01073nam a2200241Ia 4500 | ||
|---|---|---|---|
| 001 | 9988 | ||
| 003 | GE_BSU | ||
| 008 | 181216s||||||||xx |||||||||||||| ||und|| | ||
| 040 | _cGE_BSU | ||
| 080 | _a821.353.1–13 | ||
| 100 | _aრუსთაველი,შოთა | ||
| 245 | _aვეფხისტყაოსანი | ||
| 245 | _bპოემა | ||
| 245 | _cსარედ.კოლ.ი.აბულაძე და სხვ.წინასიტყვ.ავტ.პავლე ინგოროყვა,მხატვ.ირაკლი თოიძე,ლ.გრიგოლია,ლ.ქუთათელაძე | ||
| 260 | _aთბილისი | ||
| 260 | _bსახუნტის გამ–ბა | ||
| 260 | _c1937 | ||
| 300 | _a339გვ.18ჩართ. ფურც.პორტრ. და ილ.27სმ. | ||
| 520 | _aდამატ. თავფურც.რუსულ და ფრანგულ ენებზე | ||
| 653 | _aვეფხისტყაოსანი | ||
| 653 | _aპოემა | ||
| 942 | _cBK | ||
| 999 |
_c43261 _d43261 |
||